| 000 | 00437nam a2200157Ia 4500 | ||
|---|---|---|---|
| 008 | 210716s2014 xx 000 0 und d | ||
| 020 | _a9788126550531 | ||
| 041 | _aeng | ||
| 082 | _a621.3821 RAMR | ||
| 100 | _aRamnath, Rajiv;Loffing, Cheyney. | ||
| 245 | _aBeginning ios programming for dummies. | ||
| 250 | _a1 | ||
| 260 |
_aNew Delhi _bWiley India Pvt Ltd _c2014 |
||
| 300 | _axii,438 | ||
| 650 | _aCommunication Network(621.3821) | ||
| 999 |
_c194503 _d194503 |
||